Statistiques concernant Stations de Tramway de Strasbourg (France)

Cliquez ici pour prendre le quiz!

Statistiques générales

  • Ce quiz a été pris 91 fois
    (18 depuis la dernière actualisation)
  • Le résultat moyen est 38 sur 86

Statistiques - réponses

Answer % Correct
Observatoire
92%
Republique
92%
Homme de fer
92%
Gallia
83%
Université
83%
Gare Centrale
83%
Esplanade
75%
Lycée Kléber
67%
Porte de l'Hopital
67%
Montagne verte
67%
Winston Churchill
67%
Etoile Bourse
67%
Landsberg
67%
Ancienne Synagogue - Les Halles
67%
Rotonde
67%
Jean Jaures
67%
Poteries
67%
Etoile Polygone
67%
Parlement Européen
67%
Hoenheim Gare
58%
Faubourg de Saverne
58%
Elsau
58%
Faubourg National
58%
Place Broglie
58%
Place d'Islande
58%
Parc des Sports
58%
Laiterie
58%
Ducs d'Alsace
58%
Dante
58%
Campus d'Illkirch
58%
Hopital de Hautepierre
58%
Graffenstaden
50%
Ostwald Hotel de Ville
50%
Musée d'Art Moderne
50%
Alt Winmärik (Vieux Marché aux Vins)
50%
Port du Rhin
50%
Wacken
50%
Rives de l'Aar
50%
Lycee Marc Bloch
50%
Citadelle
50%
Lingolsheim Tiergaertel
50%
Kehl Bahnhof
42%
Aristide Briand
42%
Kehl Rathaus
42%
Boecklin
42%
Marcel Rudloff
42%
Saint Florent
42%
Krimmeri Stade de la Meinau
42%
Comtes
42%
Leclerc
42%
Lycee Couffignal
33%
Lycée Jean Monnet
33%
Cervantes
33%
Paul Eluard
33%
Le Galet
33%
Emile Mathis
33%
Alouettes
33%
Baggersee
33%
Général de Gaulle
25%
Parc des Romains
25%
Porte Blanche
25%
Le Ried
25%
Pont Phario
25%
Droits de l'Homme
25%
Le Marais
25%
Jardiniers
25%
Futura Glacière
25%
Parc du Contades
25%
Wihrel
25%
Illkirch Lixenbuhl
25%
Colonne
25%
Bohrie
25%
Martin Schongauer
25%
Schluthfeld
25%
Langstross - Grande Rue
25%
Kibitzenau
25%
Gravière
25%
Hochschule - Läger
17%
Neuhof Rodolphe Reuss
17%
Elmerforst
17%
Saint Christophe
8%
Hohwart
8%
Melanie
8%
Robertsau l'Escale
8%
Cours de l'Illiade
8%
Parc Malraux
8%

Distribution des résultats

Percentile par nombre de réponses

% des personnes avec chaque résultat

Votre développement - résultats

Vous n’avez pas pris ce quiz depuis la dernière actualisation